[Event "ZMDI-Open 2013"]
[Site "Dresden"]
[Date "2013.08.14"]
[Round "5"]
[White "Bryzgalin, K."]
[Black "Siedentopf, D."]
[Result "1-0"]
[WhiteElo "2465"]
[BlackElo "2311"]
[PlyCount "139"]
[EventDate "2013.??.??"]

1. e4 e6 2. d4 d5 3. Nd2 Nf6 4. e5 Nfd7 5. Bd3 c5 6. c3 Nc6 7. Ne2 cxd4 8. cxd4
f6 9. exf6 Nxf6 10. O-O Bd6 11. Nf3 Qc7 12. Bd2 O-O 13. Rc1 Bd7 14. Re1 Qb6 15.
Bc3 Rae8 16. Ng3 Bf4 17. Ra1 e5 18. dxe5 Ng4 19. Qc2 Ncxe5 20. Bxe5 Nxe5 21.
Rad1 Nxf3+ 22. gxf3 g6 23. Rxe8 Rxe8 24. Bc4 dxc4 25. Rxd7 Qc6 26. Rd4 Bxg3 27.
hxg3 Qxf3 28. Qxc4+ Kh8 29. Qc1 Rf8 30. Qd2 Rf7 31. Rd6 Kg7 32. Qd4+ Kh6 33.
Qd2+ Kg7 34. Rd3 Qf6 35. Rd4 Qe5 36. a3 a6 37. a4 Qe6 38. a5 Qe5 39. b4 Qe6 40.
Rd6 Qe5 41. Rd7 Qf6 42. Rd6 Qe5 43. Rd4 Qe6 44. Rd5 Qf6 45. Qd4 Qxd4 46. Rxd4
Kf6 47. Rd6+ Ke5 48. Rb6 Ke4 49. Kg2 Ke5 50. f4+ Ke4 51. b5 axb5 52. Rxb5 Re7
53. Kh3 Rd7 54. Kg4 Rf7 55. Re5+ Kd4 56. Kg5 Kc4 57. g4 Kd4 58. Rb5 Kc4 59. Rb6
Kd5 60. f5 gxf5 61. gxf5 Ke5 62. Re6+ Kd5 63. Re1 Kd6 64. Re2 Rf8 65. f6 Rf7
66. Kf5 Kd7 67. Rg2 Ke8 68. Rg8+ Rf8 69. Rg7 Rf7 70. Ke6 1-0

[Event "ZMDI-Open 2013"]
[Site "Dresden"]
[Date "2013.08.14"]
[Round "5"]
[White "Schröder, J."]
[Black "Farago, I."]
[Result "1/2-1/2"]
[WhiteElo "2355"]
[BlackElo "2465"]
[PlyCount "106"]
[EventDate "2013.??.??"]

1. e3 d5 2. d4 Nf6 3. Nf3 e6 4. Bd3 c5 5. O-O Nbd7 6. b3 Bd6 7. Bb2 O-O 8. Nbd2
b6 9. Ne5 Bb7 10. Qe2 Qc7 11. Ndf3 Rad8 12. h3 Ne4 13. c4 dxc4 14. Nxc4 Be7 15.
Rac1 Qb8 16. Nce5 Nxe5 17. Nxe5 cxd4 18. Bxd4 Qa8 19. Rfd1 f6 20. Nf3 e5 21.
Bb2 Nc5 22. Bc4+ Kh8 23. Rxd8 Rxd8 24. Rd1 a6 25. Rxd8+ Qxd8 26. Qd2 b5 27. Be2
Kg8 28. Ba3 Qxd2 29. Nxd2 Nxb3 30. Bxe7 Nxd2 31. f3 Bd5 32. Bb4 Nc4 33. e4 Be6
34. Bxc4 Bxc4 35. a3 Kf7 36. Kf2 h5 37. h4 Ke6 38. Ke3 g6 39. g3 f5 40. Bc3 Ba2
41. Bb4 Bb1 42. Bc3 fxe4 43. fxe4 Kd6 44. Bb4+ Kc6 45. Bc3 Kd6 46. Bb4+ Ke6 47.
Bc3 Bc2 48. Bb4 Bd1 49. Bc3 Bg4 50. Bb4 Bh3 51. Bc3 Kd6 52. Bb4+ Kc6 53. Bc3
Kd6 1/2-1/2

[Event "ZMDI-Open 2013"]
[Site "Dresden"]
[Date "2013.08.14"]
[Round "5"]
[White "Donchenko, A."]
[Black "Vrublevskaya, O."]
[Result "1-0"]
[WhiteElo "2476"]
[BlackElo "2176"]
[PlyCount "55"]
[EventDate "2013.??.??"]

1. c4 c5 2. g3 g6 3. Bg2 Bg7 4. Nc3 Nc6 5. Nf3 e6 6. d3 Nge7 7. Bg5 h6 8. Bd2
O-O 9. a3 d5 10. Rb1 b6 11. Qc1 dxc4 12. dxc4 Kh7 13. b4 cxb4 14. axb4 Bd7 15.
O-O Rc8 16. Ne4 Qc7 17. Rd1 Rcd8 18. b5 Na5 19. Bb4 Bc8 20. Bd6 Qd7 21. c5 bxc5
22. Bxc5 Qc7 23. Qa3 Rxd1+ 24. Rxd1 Re8 25. Bxe7 Rxe7 26. Rc1 Qd8 27. Rxc8 Qxc8
28. Qxe7 1-0

[Event "ZMDI-Open 2013"]
[Site "Dresden"]
[Date "2013.08.14"]
[Round "5"]
[White "Shvayger, Y."]
[Black "Wagner, D."]
[Result "0-1"]
[WhiteElo "2265"]
[BlackElo "2465"]
[PlyCount "80"]
[EventDate "2013.??.??"]

1. e4 e5 2. Nf3 Nc6 3. d4 exd4 4. Nxd4 Nf6 5. Nxc6 bxc6 6. e5 Qe7 7. Qe2 Nd5 8.
Nd2 a5 9. c4 Nb6 10. a4 Qe6 11. Qe4 Bb4 12. f4 d5 13. cxd5 cxd5 14. Qc2 c5 15.
Bb5+ Bd7 16. Bxd7+ Nxd7 17. O-O f6 18. Nf3 fxe5 19. Ng5 Qg6 20. Qd1 Nb6 21.
fxe5 h6 22. Nf3 O-O 23. Bd2 Qe6 24. b3 Nd7 25. Re1 Rf5 26. Bxb4 axb4 27. Qe2
Re8 28. Rac1 Rf4 29. Qd3 Rf5 30. Qe2 d4 31. Kh1 Qxb3 32. e6 Nf6 33. e7 Qd5 34.
Qb5 d3 35. Red1 Rxf3 36. gxf3 d2 37. Ra1 Qxf3+ 38. Kg1 Qg4+ 39. Kh1 Qe4+ 40.
Kg1 Qd4+ 0-1

[Event "ZMDI-Open 2013"]
[Site "Dresden"]
[Date "2013.08.14"]
[Round "5"]
[White "Müller, M."]
[Black "Sergeev, V."]
[Result "0-1"]
[WhiteElo "2264"]
[BlackElo "2432"]
[PlyCount "100"]
[EventDate "2013.??.??"]

1. d4 d6 2. Nf3 g6 3. g3 Bg7 4. Bg2 c5 5. O-O cxd4 6. Nxd4 Nf6 7. c4 O-O 8. Nc3
Nc6 9. Nxc6 bxc6 10. Bxc6 Rb8 11. Bg2 Qa5 12. Qc2 Bb7 13. e4 Rfc8 14. b3 Nxe4
15. Nxe4 Bxa1 16. Bd2 Bxe4 17. Bxe4 Qe5 18. Bf4 Qg7 19. Re1 Be5 20. Bg5 Bf6 21.
Bf4 Be5 22. Bg5 Rc7 23. Re2 Qf8 24. h4 Qc8 25. Kg2 a5 26. f4 Bg7 27. h5 a4 28.
hxg6 hxg6 29. f5 axb3 30. axb3 gxf5 31. Bxf5 Qb7+ 32. Kh3 Qxb3 33. Bh7+ Kf8 34.
Qf5 Qxc4 35. Re4 Qb5 36. Qf4 Qd5 37. Qh4 Rbb7 38. Bh6 Bxh6 39. Qxh6+ Ke8 40.
Qg7 Rc5 41. Qa1 Kd7 42. Qe1 e6 43. Qf1 f5 44. Ra4 Rc3 45. Kh4 Qe5 46. Qg2 Rbc7
47. Bg6 R3c4+ 48. Rxc4 Rxc4+ 49. Kg5 Rg4+ 50. Kh6 Qh8+ 0-1

[Event "ZMDI-Open 2013"]
[Site "Dresden"]
[Date "2013.08.14"]
[Round "5"]
[White "Bogomolow, S."]
[Black "Donchenko, A."]
[Result "0-1"]
[WhiteElo "2206"]
[BlackElo "2364"]
[PlyCount "80"]
[EventDate "2013.??.??"]

1. e4 c5 2. Nf3 e6 3. b3 a6 4. Bb2 d6 5. Be2 Nf6 6. d3 Be7 7. O-O O-O 8. Nbd2
Nc6 9. c3 b5 10. d4 Bb7 11. dxc5 dxc5 12. Qc2 Qc7 13. a4 Qb6 14. Rfe1 Rfd8 15.
axb5 axb5 16. e5 Ng4 17. c4 Rxa1 18. Bxa1 Qc7 19. cxb5 Ncxe5 20. Nxe5 Nxe5 21.
Nc4 Ng6 22. Bc3 Qf4 23. Bf1 Bd5 24. Qb2 Bf8 25. Rd1 Rb8 26. Ne3 Ba8 27. b6 Rxb6
28. Rd8 Rb8 29. Rd7 Bc6 30. g3 Qg5 31. Rc7 Bf3 32. Bc4 h5 33. Rd7 h4 34. Bxe6
fxe6 35. Bxg7 e5 36. Bxf8 Rxf8 37. Qc2 hxg3 38. hxg3 Qh5 39. Ng2 Bxg2 40. Kxg2
Nf4+ 0-1

[Event "ZMDI-Open 2013"]
[Site "Dresden"]
[Date "2013.08.14"]
[Round "5"]
[White "Günnigmann, M."]
[Black "Zwahr, P."]
[Result "0-1"]
[WhiteElo "2140"]
[BlackElo "2363"]
[PlyCount "52"]
[EventDate "2013.??.??"]

1. e4 e5 2. Nf3 Nc6 3. Bb5 a6 4. Ba4 Nf6 5. O-O Nxe4 6. d4 b5 7. Bb3 d5 8. dxe5
Be6 9. Be3 Be7 10. c3 Nc5 11. Nbd2 Nd3 12. Qb1 Ndxe5 13. Nxe5 Nxe5 14. Bd4 Ng6
15. Bxg7 Rg8 16. Bd4 Qd7 17. f4 Nh4 18. g3 c5 19. Bf2 Bf5 20. Qe1 Be4 21. Be3
Qh3 22. Qf2 Nf5 23. Nxe4 dxe4 24. Rfe1 Nxg3 25. Rad1 Nf1+ 26. Kh1 Nxh2 0-1

[Event "ZMDI-Open 2013"]
[Site "Dresden"]
[Date "2013.08.14"]
[Round "5"]
[White "Budzyn, M."]
[Black "Wichmann, C."]
[Result "1/2-1/2"]
[WhiteElo "2167"]
[BlackElo "2360"]
[PlyCount "105"]
[EventDate "2013.??.??"]

1. e4 e6 2. d4 d5 3. e5 c5 4. c3 Bd7 5. Nf3 Qb6 6. Qb3 Nc6 7. Na3 c4 8. Qc2 f6
9. Be2 Nge7 10. Bxc4 fxe5 11. dxe5 Ng6 12. Be2 Ngxe5 13. Nxe5 Nxe5 14. O-O Bc5
15. Bf4 Ng6 16. Bg3 O-O 17. Qd2 Bc6 18. b4 Be7 19. Nc2 Bf6 20. Bd6 Rfe8 21. Bg3
Red8 22. Nd4 Bd7 23. Nb3 Be8 24. Rfd1 Bf7 25. a4 e5 26. a5 Qc7 27. Nd4 Qc8 28.
Nf3 h6 29. h3 Qe6 30. Nh2 Bg5 31. Qe1 Qe7 32. Bh5 Nf4 33. Bxf7+ Qxf7 34. Nf3
Nxh3+ 35. gxh3 Qxf3 36. Qxe5 Kh8 37. Qd4 Re8 38. Rd3 Qh5 39. Be5 Re7 40. Qxd5
Rae8 41. Bd4 Re1+ 42. Rxe1 Rxe1+ 43. Kg2 Qe2 44. Qf3 Qf1+ 45. Kg3 Be7 46. Kf4
Qg1 47. Qg4 Bg5+ 48. Kf3 Qf1 49. Qc8+ Kh7 50. Qf5+ Kg8 51. Qc8+ Kh7 52. Qf5+
Kg8 53. Qc8+ 1/2-1/2

[Event "ZMDI-Open 2013"]
[Site "Dresden"]
[Date "2013.08.14"]
[Round "5"]
[White "Neef, M."]
[Black "Holm, S."]
[Result "1/2-1/2"]
[WhiteElo "2252"]
[BlackElo "2256"]
[PlyCount "132"]
[EventDate "2013.??.??"]

1. Nf3 Nf6 2. c4 e6 3. g3 d5 4. b3 c5 5. Bg2 Nc6 6. e3 Be7 7. O-O O-O 8. Bb2 b6
9. Qe2 Bb7 10. Rd1 Qc7 11. Nc3 dxc4 12. bxc4 Rad8 13. Rac1 Rd7 14. d4 Rfd8 15.
Nb5 Qb8 16. Ne5 Nxe5 17. dxe5 Ne8 18. Bxb7 Qxb7 19. a4 a6 20. Nc3 Qc6 21. Rxd7
Rxd7 22. Rd1 Rxd1+ 23. Qxd1 Nc7 24. Qd3 h6 25. Kf1 Ne8 26. Ke2 Qc7 27. Qe4 Qc8
28. Ba3 f5 29. exf6 Bxf6 30. Qd3 Qc6 31. Qe4 Qd7 32. Qd3 Qc6 33. a5 bxa5 34.
Qe4 Qd7 35. Qd3 Qxd3+ 36. Kxd3 Bxc3 37. Kxc3 Nd6 38. Bxc5 Ne4+ 39. Kd4 Nxf2 40.
Bd6 a4 41. Ba3 Kf7 42. Kc5 Ng4 43. e4 Ne5 44. Kd4 Nf3+ 45. Kc5 Nd2 46. Kb4 e5
47. c5 Ke6 48. c6 Nxe4 49. Ka5 Nf6 50. Kxa6 Ne8 51. Kb5 Kd5 52. Bb2 g5 53. Kxa4
Kxc6 54. Bxe5 g4 55. Kb4 Kd5 56. Bf4 h5 57. Kc3 Ke4 58. Kd2 h4 59. Ke2 h3 60.
Kf2 Nf6 61. Bb8 Kd3 62. Kg1 Ke2 63. Ba7 Ne4 64. Kh1 Kf1 65. Bb6 Nf2+ 66. Bxf2
Kxf2 1/2-1/2

[Event "ZMDI-Open 2013"]
[Site "Dresden"]
[Date "2013.08.14"]
[Round "5"]
[White "Osmanodja, F."]
[Black "Paul, J."]
[Result "1-0"]
[WhiteElo "2290"]
[BlackElo "2238"]
[PlyCount "65"]
[EventDate "2013.??.??"]

1. e4 e6 2. d4 d5 3. Nc3 Bb4 4. exd5 exd5 5. Bd3 c6 6. Nge2 Ne7 7. O-O O-O 8.
Ng3 f5 9. Nce2 Nd7 10. Nh5 Qe8 11. Nef4 g6 12. Ng3 Qf7 13. Nh3 Qg7 14. Bf4 h6
15. c3 Ba5 16. Re1 Rf7 17. Qd2 Kh7 18. Re2 Nf6 19. f3 Bd7 20. Rae1 Re8 21. Nf2
Neg8 22. h4 Rxe2 23. Rxe2 Bd8 24. Be5 Qf8 25. Nh3 Bc8 26. Nf4 h5 27. Nh1 Nh6
28. Nf2 Re7 29. N2h3 Nf7 30. Qe1 Nd7 31. Nxg6 Kxg6 32. Qg3+ Kh6 33. Qf4+ 1-0

[Event "ZMDI-Open 2013"]
[Site "Dresden"]
[Date "2013.08.14"]
[Round "5"]
[White "Baskin, R."]
[Black "Efroimski, M."]
[Result "1-0"]
[WhiteElo "2138"]
[BlackElo "2306"]
[PlyCount "111"]
[EventDate "2013.??.??"]

1. e4 c5 2. Nf3 Nc6 3. d4 cxd4 4. Nxd4 Nf6 5. Nc3 d6 6. Bc4 e6 7. Be3 Be7 8.
O-O O-O 9. Kh1 Bd7 10. f4 a6 11. a4 Rc8 12. Qe2 Qc7 13. Bd3 Rfe8 14. Nf3 e5 15.
f5 Nb4 16. Bg5 Bc6 17. Bxf6 Bxf6 18. Bc4 Red8 19. Bb3 d5 20. exd5 Bxd5 21. Nxd5
Nxd5 22. Qe4 Ne7 23. Rad1 Rxd1 24. Rxd1 Rd8 25. Rxd8+ Qxd8 26. c3 Qc7 27. h3
Qc6 28. Qxc6 Nxc6 29. Nd2 Kf8 30. Ne4 Be7 31. Bd5 Nd8 32. Kg1 f6 33. Kf2 g6 34.
g4 b6 35. Ke3 Nf7 36. Bxf7 Kxf7 37. Kd3 gxf5 38. gxf5 Kg7 39. Kc4 b5+ 40. axb5
axb5+ 41. Kd5 Kh6 42. Ke6 Bd8 43. Kd7 Bb6 44. Kc6 Bd8 45. Kxb5 Kh5 46. Kc6 Kh4
47. Kd7 Bb6 48. Nxf6 Kxh3 49. Nxh7 Kg4 50. Ke6 e4 51. Nf6+ Kf3 52. Nxe4 Kxe4
53. f6 Kd3 54. f7 Bc5 55. b4 Bf8 56. b5 1-0

[Event "ZMDI-Open 2013"]
[Site "Dresden"]
[Date "2013.08.14"]
[Round "5"]
[White "Skibbe, W."]
[Black "Pietzsch, M."]
[Result "1-0"]
[WhiteElo "2292"]
[BlackElo "2086"]
[PlyCount "63"]
[EventDate "2013.??.??"]

1. d4 Nf6 2. c4 e6 3. Nc3 c5 4. d5 exd5 5. cxd5 d6 6. e4 g6 7. Bd3 Bg7 8. h3
O-O 9. Nf3 Re8 10. O-O Na6 11. Bf4 Nc7 12. Nd2 Nh5 13. Bh2 Qg5 14. Nf3 Qd8 15.
a4 Qf6 16. Re1 Nf4 17. Bf1 g5 18. e5 dxe5 19. d6 Rd8 20. Ne4 Qh6 21. Bxf4 exf4
22. dxc7 Rxd1 23. Raxd1 Qb6 24. Rd8+ Bf8 25. Nd6 Qxd6 26. Ree8 Qxc7 27. Rxf8+
Kg7 28. Rg8+ Kh6 29. Nxg5 f6 30. Rdf8 Qg7 31. Nf7+ Kg6 32. Nd6 1-0

[Event "ZMDI-Open 2013"]
[Site "Dresden"]
[Date "2013.08.14"]
[Round "5"]
[White "Richter, L."]
[Black "Rjabzev, K."]
[Result "0-1"]
[WhiteElo "2020"]
[BlackElo "2287"]
[PlyCount "202"]
[EventDate "2013.??.??"]

1. e4 c5 2. Nf3 e6 3. d4 cxd4 4. Nxd4 Nc6 5. Nxc6 bxc6 6. Bd3 d5 7. O-O Nf6 8.
e5 Nd7 9. Re1 Qc7 10. Bf4 Rb8 11. b3 g6 12. Qf3 Bg7 13. Qg3 Rb4 14. c4 Nc5 15.
Nd2 Nxd3 16. Qxd3 O-O 17. Rac1 a5 18. a3 Rb7 19. Bg3 Qe7 20. c5 Rb5 21. Qc3 Qb7
22. f4 Bd7 23. Bh4 Re8 24. Rb1 Bf8 25. Bf2 Rb8 26. Rec1 Bc8 27. h3 Bd7 28. Qd4
Bc8 29. Rc3 Qa6 30. Qd3 Ra8 31. Nf3 Rbb8 32. Qc2 Qb7 33. Nh2 Qe7 34. Ng4 Bg7
35. Qd2 h5 36. Nh2 Bd7 37. Nf3 Rb5 38. Qc2 Bh6 39. Bh4 Qf8 40. Bg5 Bg7 41. Nd4
Rb7 42. Kf2 Kh7 43. Rf3 f6 44. Bh4 f5 45. Bg5 Bh6 46. Bxh6 Qxh6 47. Rg1 h4 48.
Qd2 Kg7 49. g4 Kf7 50. Ke3 Rba7 51. Rf2 Rg8 52. Rfg2 g5 53. gxf5 gxf4+ 54. Kd3
Rg3+ 55. Rxg3 hxg3 56. Rxg3 exf5 57. Rf3 Ra8 58. Qxf4 Qxf4 59. Rxf4 Rh8 60. h4
Rg8 61. Nxf5 Bxf5+ 62. Rxf5+ Ke6 63. Rg5 Rf8 64. h5 Rf3+ 65. Kd4 Rf4+ 66. Ke3
Rh4 67. Kf3 Rh1 68. Kg3 Rg1+ 69. Kf4 Rf1+ 70. Ke3 Rh1 71. a4 Rh4 72. Kf3 Rh1
73. Kf4 Rf1+ 74. Ke3 Rh1 75. b4 axb4 76. a5 b3 77. Rg2 Kxe5 78. Kd3 Rh3+ 79.
Kd2 Kd4 80. a6 Rxh5 81. a7 Rh8 82. Rg7 Rh2+ 83. Kc1 Ra2 84. Rb7 Kxc5 85. Rxb3
Rxa7 86. Kc2 Ra2+ 87. Kc3 Rg2 88. Rb8 Rg3+ 89. Kd2 Kc4 90. Ra8 Rg2+ 91. Kc1 c5
92. Ra3 d4 93. Kd1 d3 94. Kc1 Kd4 95. Ra8 c4 96. Ra4 Kc3 97. Ra3+ Kb4 98. Ra8
c3 99. Rb8+ Ka5 100. Kb1 Rg1+ 101. Ka2 d2 0-1

[Event "ZMDI-Open 2013"]
[Site "Dresden"]
[Date "2013.08.14"]
[Round "5"]
[White "Bräuer, F."]
[Black "Herrich, C."]
[Result "1-0"]
[WhiteElo "2282"]
[BlackElo "2080"]
[PlyCount "109"]
[EventDate "2013.??.??"]

1. e4 c5 2. Nf3 d6 3. d4 cxd4 4. Nxd4 Nf6 5. Nc3 g6 6. Be3 Bg7 7. f3 O-O 8. Qd2
Nc6 9. g4 Be6 10. Nxe6 fxe6 11. O-O-O Ne5 12. Be2 Qa5 13. h4 Rac8 14. h5 Nc4
15. Bxc4 Rxc4 16. hxg6 hxg6 17. Bh6 Rfc8 18. Bxg7 Kxg7 19. Qh6+ Kf7 20. Rd3
Rxc3 21. bxc3 Rxc3 22. Qd2 Qa3+ 23. Kd1 Rxd3 24. cxd3 Qa4+ 25. Ke2 Qd4 26. Rb1
b6 27. Qb2 Qc5 28. Rc1 Qg5 29. Qd2 Qh4 30. Qe1 Qh2+ 31. Qf2 Qe5 32. Kf1 Qb5 33.
Qd2 Nd7 34. Kg2 a5 35. d4 Qa4 36. Rc7 Nf6 37. Rc8 Kg7 38. Kg3 Qb5 39. Qh2 Ng8
40. Qd2 Nf6 41. Rc1 Qa4 42. Rh1 Qb5 43. Qe3 e5 44. d5 a4 45. Qd2 Qc4 46. Kh3
Qb5 47. Qc2 Qb4 48. Kg3 Qd4 49. Rb1 Qe3 50. Kg2 Nd7 51. Qf2 Qc3 52. Rd1 b5 53.
Qd2 Qc4 54. Rh1 Nf6 55. Rc1 1-0

[Event "ZMDI-Open 2013"]
[Site "Dresden"]
[Date "2013.08.14"]
[Round "5"]
[White "Barthel, A."]
[Black "Vogel, R."]
[Result "1/2-1/2"]
[WhiteElo "2244"]
[BlackElo "2072"]
[PlyCount "89"]
[EventDate "2013.??.??"]

1. e4 d6 2. d4 Nf6 3. Nc3 g6 4. Be3 c6 5. Qd2 Nbd7 6. f3 b5 7. d5 b4 8. dxc6
bxc3 9. cxd7+ Bxd7 10. Qxc3 Bg7 11. Qd2 O-O 12. Bd3 Qb8 13. c4 e6 14. Ne2 d5
15. exd5 exd5 16. O-O Re8 17. c5 Bb5 18. Bf4 Qb7 19. Qb4 Bc6 20. Qxb7 Bxb7 21.
Rac1 Bc6 22. Bd6 Nd7 23. b4 a6 24. Rfd1 Ne5 25. Nd4 Nxd3 26. Rxd3 Bxd4+ 27.
Rxd4 Re2 28. a4 Ra2 29. b5 axb5 30. axb5 Bxb5 31. Rxd5 Bc6 32. Rdd1 g5 33. Be5
Re8 34. Bf6 h6 35. Re1 Rxe1+ 36. Rxe1 g4 37. Re3 Kh7 38. h3 h5 39. Be5 Kh6 40.
Bg3 Rc2 41. Bd6 Ra2 42. Rb3 Rc2 43. Rb6 Bd5 44. Be7+ Kg7 45. Bf6+ 1/2-1/2

[Event "ZMDI-Open 2013"]
[Site "Dresden"]
[Date "2013.08.14"]
[Round "5"]
[White "Schöne, M."]
[Black "Pallas, S."]
[Result "1/2-1/2"]
[WhiteElo "2240"]
[BlackElo "1903"]
[PlyCount "111"]
[EventDate "2013.??.??"]

1. e4 c5 2. Nf3 d6 3. d4 cxd4 4. Nxd4 Nf6 5. Nc3 a6 6. Be3 e6 7. Be2 Nbd7 8. g4
h6 9. Qd2 b5 10. a3 Bb7 11. f3 Be7 12. O-O-O d5 13. exd5 Nxd5 14. Nxd5 Bxd5 15.
Nf5 Bf8 16. Rhe1 f6 17. h4 Kf7 18. g5 hxg5 19. hxg5 Ne5 20. f4 Nc6 21. Nd4 Nxd4
22. Qxd4 Qc7 23. gxf6 gxf6 24. f5 Rc8 25. Bd3 Bc5 26. fxe6+ Bxe6 27. Qe4 f5 28.
Qf3 Bxe3+ 29. Rxe3 Qc6 30. Qf1 Qc5 31. Rde1 Rh2 32. R3e2 Rxe2 33. Qxe2 Rc6 34.
Qh5+ Kf6 35. Qh4+ Kf7 36. Rh1 Qd5 37. Qh8 Ke7 38. Qg7+ Bf7 39. Qg5+ Rf6 40. Rh8
f4 41. Qg7 Qd7 42. Qf8+ Ke6 43. Rh1 Qd6 44. Re1+ Kd7 45. Qa8 f3 46. Bf1 Bd5 47.
Qe8+ Kc7 48. a4 Bc6 49. Qh8 f2 50. Rd1 Qf4+ 51. Kb1 Rd6 52. Qg7+ Rd7 53. Rxd7+
Bxd7 54. Qc3+ Bc6 55. axb5 axb5 56. Bxb5 1/2-1/2

[Event "ZMDI-Open 2013"]
[Site "Dresden"]
[Date "2013.08.14"]
[Round "5"]
[White "Böttger, L."]
[Black "Mager, D."]
[Result "1-0"]
[WhiteElo "2240"]
[BlackElo "2006"]
[PlyCount "129"]
[EventDate "2013.??.??"]

1. Nf3 Nf6 2. g3 d5 3. Bg2 c6 4. O-O g6 5. b3 Bg7 6. Bb2 O-O 7. c4 Nbd7 8. Qc2
Re8 9. Ne5 Nxe5 10. Bxe5 Bf5 11. d3 Qd7 12. Nd2 Rad8 13. Qb2 Nh5 14. cxd5 cxd5
15. Bxg7 Nxg7 16. Nf3 Qd6 17. Qd4 b6 18. Qe5 f6 19. Qxd6 Rxd6 20. Rfc1 e5 21.
Rc7 Rd7 22. Rac1 Red8 23. Nd2 Be6 24. Kf1 Nf5 25. e3 Kf7 26. Ke2 Ke7 27. f4 Nd6
28. h3 Rxc7 29. Rxc7+ Rd7 30. Rc6 Nf7 31. Nf3 Rd6 32. Rc7+ Rd7 33. Rc1 Kd6 34.
Kd2 Rc7 35. Rxc7 Kxc7 36. h4 Kd6 37. fxe5+ fxe5 38. d4 h6 39. dxe5+ Nxe5 40.
Nd4 Bd7 41. Kc3 Ng4 42. Kd2 Ne5 43. Bf3 a5 44. Kc3 Kc5 45. a3 Nxf3 46. b4+
axb4+ 47. axb4+ Kd6 48. Nxf3 Bf5 49. Kd4 h5 50. Ne5 Bc2 51. g4 hxg4 52. Nxg4
Ke6 53. Nf2 Bf5 54. Nd1 Kd6 55. Nc3 Be6 56. Na4 Bd7 57. Nxb6 Kc6 58. Na4 Kb5
59. Nc3+ Kxb4 60. Nxd5+ Kb5 61. Ne7 Kb6 62. Ke5 Kc5 63. Kf6 Be8 64. Nxg6 Kd5
65. h5 1-0

[Event "ZMDI-Open 2013"]
[Site "Dresden"]
[Date "2013.08.14"]
[Round "5"]
[White "Petzold, G."]
[Black "Schackmann, O."]
[Result "1-0"]
[WhiteElo "2238"]
[BlackElo "1903"]
[PlyCount "119"]
[EventDate "2013.??.??"]

1. d4 d5 2. c4 c6 3. cxd5 cxd5 4. Nc3 e5 5. dxe5 d4 6. Ne4 Qa5+ 7. Nd2 Nc6 8.
g3 Nxe5 9. Bg2 Nf6 10. Ngf3 Nxf3+ 11. Bxf3 Rb8 12. O-O Bh3 13. Nb3 Qb6 14. Re1
Rd8 15. Bd2 Bb4 16. Bxb4 Qxb4 17. Qd3 Be6 18. Red1 b6 19. Qd2 Qxd2 20. Rxd2
Bxb3 21. axb3 a5 22. b4 axb4 23. Ra6 Rd6 24. Ra8+ Rd8 25. Rxd8+ Kxd8 26. Rxd4+
Ke7 27. Rxb4 Nd7 28. Bc6 Rb8 29. Bxd7 Kxd7 30. f3 Kc6 31. Kf2 Rd8 32. Rc4+ Kb7
33. Rf4 Rd7 34. Ke3 Kc7 35. g4 h6 36. h4 Kb7 37. Re4 Kc6 38. Rd4 Re7+ 39. Kd3
Kc7 40. e4 Re8 41. Rd5 Kc6 42. f4 Ra8 43. g5 hxg5 44. Rxg5 g6 45. h5 gxh5 46.
Rxh5 Rd8+ 47. Ke3 b5 48. Rf5 Rd7 49. b4 Kb6 50. Rf6+ Kb7 51. e5 Rc7 52. Kd4
Rc4+ 53. Kd5 Rxb4 54. Rxf7+ Kc8 55. e6 Kd8 56. f5 Rb1 57. f6 Rd1+ 58. Kc6 Rc1+
59. Kb6 Ke8 60. Rh7 1-0

[Event "ZMDI-Open 2013"]
[Site "Dresden"]
[Date "2013.08.14"]
[Round "5"]
[White "Faldum, M."]
[Black "Böhm, R."]
[Result "1/2-1/2"]
[WhiteElo "1886"]
[BlackElo "2178"]
[PlyCount "59"]
[EventDate "2013.??.??"]

1. Nf3 Nf6 2. g3 d5 3. Bg2 c6 4. b3 Nbd7 5. Bb2 Qc7 6. d4 e6 7. c4 Be7 8. Nbd2
O-O 9. O-O a5 10. Qc2 a4 11. Rab1 Re8 12. e4 dxe4 13. Ng5 h6 14. Ngxe4 Nxe4 15.
Nxe4 Nf6 16. Bc3 a3 17. b4 Nxe4 18. Qxe4 Bf6 19. Rfe1 Bd7 20. c5 Ra7 21. Re3
Rb8 22. Rb3 b6 23. Ba1 bxc5 24. bxc5 Ra4 25. Qb1 Raa8 26. Rxb8+ Rxb8 27. Rb3
Rxb3 28. Qxb3 e5 29. Qb6 Bd8 30. Qxc7 1/2-1/2

[Event "ZMDI-Open 2013"]
[Site "Dresden"]
[Date "2013.08.14"]
[Round "5"]
[White "Hansch, K."]
[Black "Kieslich, A."]
[Result "1-0"]
[WhiteElo "2141"]
[BlackElo "2011"]
[PlyCount "67"]
[EventDate "2013.??.??"]

1. c4 Nf6 2. g3 e6 3. Bg2 d5 4. Nf3 dxc4 5. O-O c6 6. a4 Nbd7 7. Qc2 Be7 8. Na3
O-O 9. Nxc4 Nd5 10. d3 N7b6 11. Bd2 Nxc4 12. Qxc4 Bf6 13. Rab1 Bd7 14. e4 Nb6
15. Qc2 e5 16. Bc3 Qe7 17. b4 Rac8 18. a5 Na8 19. Ba1 Rfe8 20. Qc5 b6 21. Qxe7
Rxe7 22. Rfe1 c5 23. axb6 axb6 24. bxc5 bxc5 25. Rb7 Rc7 26. Rb8+ Rc8 27. Rxc8+
Bxc8 28. Rc1 Ba6 29. Rxc5 Rd7 30. Bf1 Nc7 31. Bxe5 Bxe5 32. Nxe5 Re7 33. Nc6
Re8 34. Nb4 1-0

[Event "ZMDI-Open 2013"]
[Site "Dresden"]
[Date "2013.08.14"]
[Round "5"]
[White "Richter, G."]
[Black "Linnemann, N."]
[Result "0-1"]
[WhiteElo "2127"]
[BlackElo "1948"]
[PlyCount "42"]
[EventDate "2013.??.??"]

1. d4 Nf6 2. Nf3 g6 3. g3 Bg7 4. Bg2 O-O 5. O-O d5 6. c4 dxc4 7. Na3 Nbd7 8.
Nxc4 Nb6 9. Nce5 Be6 10. Ng5 Bd5 11. f3 Nfd7 12. Ng4 c5 13. dxc5 Nxc5 14. Be3
Nca4 15. b3 Nc3 16. Qd2 Bc6 17. Qb2 Nbd5 18. Bf2 h6 19. Nh3 h5 20. Ne3 Nd1 21.
Qd2 N5xe3 0-1

[Event "ZMDI-Open 2013"]
[Site "Dresden"]
[Date "2013.08.14"]
[Round "5"]
[White "Mertens, F."]
[Black "Niegsch, N."]
[Result "1/2-1/2"]
[WhiteElo "2097"]
[BlackElo "2004"]
[PlyCount "31"]
[EventDate "2013.??.??"]

1. d4 Nf6 2. Nf3 e6 3. c4 d5 4. g3 dxc4 5. Bg2 c6 6. Ne5 b5 7. Nxc6 Qb6 8. Ne5
Bb7 9. Bxb7 Qxb7 10. O-O Nc6 11. a4 Nxe5 12. dxe5 Ne4 13. axb5 Bc5 14. Qa4 O-O
15. Nc3 Rfc8 16. Bf4 1/2-1/2

[Event "ZMDI-Open 2013"]
[Site "Dresden"]
[Date "2013.08.14"]
[Round "5"]
[White "Hecht, C."]
[Black "Rudolf, M."]
[Result "1-0"]
[WhiteElo "2087"]
[BlackElo "2108"]
[PlyCount "53"]
[EventDate "2013.??.??"]

1. e4 e6 2. d4 d5 3. Nc3 h6 4. Nf3 Nf6 5. Bd3 Bb4 6. e5 Ne4 7. O-O Nxc3 8. bxc3
Bxc3 9. Rb1 c5 10. dxc5 Nc6 11. Bf4 Qe7 12. Bb5 Qxc5 13. Be3 Qe7 14. Qd3 Ba5
15. Nd4 Bd7 16. Bxc6 bxc6 17. Qa6 Bd8 18. Rb7 O-O 19. Nxc6 Qe8 20. Nxd8 Qxd8
21. Qd6 Ba4 22. c3 Bc2 23. Rc1 Bd3 24. a4 Qa5 25. Bc5 Bg6 26. Rxa7 Qd8 27. Rxa8
1-0

[Event "ZMDI-Open 2013"]
[Site "Dresden"]
[Date "2013.08.14"]
[Round "5"]
[White "Humburg, P."]
[Black "Stock, A."]
[Result "0-1"]
[WhiteElo "2054"]
[BlackElo "2107"]
[PlyCount "124"]
[EventDate "2013.??.??"]

1. e4 c5 2. Nf3 Nc6 3. d4 cxd4 4. Nxd4 g6 5. Nc3 Bg7 6. Be3 Nf6 7. Bc4 O-O 8.
O-O Nxe4 9. Nxe4 d5 10. Nxc6 bxc6 11. Bd3 dxe4 12. Bxe4 Qc7 13. Qf3 Rb8 14. Bf4
e5 15. Bc1 Ba6 16. Re1 Qa5 17. c3 c5 18. Bd5 c4 19. Qe4 Qc7 20. h4 Kh8 21. h5
f5 22. Qh4 Qd8 23. Bg5 Qxd5 24. hxg6 Qg8 25. Rad1 Rb6 26. Be7 Re8 27. Rd6 Rxd6
28. Bxd6 Re6 29. gxh7 Qxh7 30. Qd8+ Qg8 31. Qh4+ Rh6 32. Qe7 Qe6 33. Qd8+ Qg8
34. Qc7 Qc8 35. Qe7 Re6 36. Qh4+ Kg8 37. Bxe5 Rxe5 38. Rxe5 Bxe5 39. Qh5 Bg7
40. Qg6 Bb7 41. f3 Qc5+ 42. Kh1 Qe5 43. a4 Bd5 44. Qg5 Qf6 45. Qg3 Qh6+ 46. Kg1
Qe3+ 47. Kh1 Qc1+ 48. Kh2 Qxb2 49. Qd6 Qb7 50. Qd8+ Kf7 51. Qg5 Qd7 52. Qh5+
Kg8 53. Qg5 Qd6+ 54. Kg1 f4 55. a5 a6 56. Qg4 Be6 57. Qg5 Qd5 58. Qxf4 Qe5 59.
Qd2 Qxa5 60. Qd6 Kf7 61. Qf4+ Bf6 62. g4 Qe5 0-1

[Event "ZMDI-Open 2013"]
[Site "Dresden"]
[Date "2013.08.14"]
[Round "5"]
[White "Hentze, M."]
[Black "Klaus, J."]
[Result "1-0"]
[WhiteElo "2106"]
[BlackElo "1916"]
[PlyCount "97"]
[EventDate "2013.??.??"]

1. e4 c6 2. d4 d5 3. exd5 cxd5 4. c4 Nf6 5. Nc3 g6 6. Qb3 Bg7 7. cxd5 O-O 8.
Nge2 Nbd7 9. g3 Nb6 10. Bg2 Bf5 11. O-O Qd7 12. Rd1 Rac8 13. Nf4 Rfd8 14. a4 g5
15. Nd3 Bxd3 16. Rxd3 h6 17. Nb5 Nbxd5 18. Nxa7 Ra8 19. Nb5 e6 20. Rd1 Ne7 21.
Be3 Nfd5 22. Rac1 Rac8 23. Nc3 Nxc3 24. Rxc3 Rxc3 25. bxc3 Ra8 26. Ra1 Nd5 27.
c4 Nxe3 28. fxe3 Bxd4 29. Qd3 Bxe3+ 30. Qxe3 Rxa4 31. Rxa4 Qxa4 32. Bf1 Qa5 33.
Qe4 Qc5+ 34. Kg2 b6 35. Bd3 Kf8 36. Qh7 Ke7 37. Qxh6 Qe3 38. Qh7 Qd2+ 39. Kh3
Qd1 40. Qe4 f5 41. Qe3 Kf6 42. Kg2 Qb3 43. Qd4+ Kg6 44. g4 Qa2+ 45. Kg3 Qa5 46.
gxf5+ exf5 47. Qd6+ Kh5 48. Qe6 f4+ 49. Kh3 1-0